000 00696nam a2200265Ia 4500
005 20260121172753.0
008 008 260114s9999 xx 000 0 eng d
020 _a9783030829810
037 _aEBOOK
040 _aCRL
040 _beng
040 _cCRL
041 _2eng
041 _aeng
084 _qCRL
100 _aLawrence Ka-Ki Ho, Jason Kwun-hong Chan, Garth den Heyer, Jen-shuo Hsu, Arata Hirai
_91092519
245 0 _aPolicing the Police in Asia
260 _bSpringer
260 _bSpringer
260 _c2021
856 _uhttps://link.springer.com/openurl?genre=book&isbn=978-3-030-82981-0
942 _cEBOOK
999 _c1658259
_d1658259